000 01523nam a2200277Ia 4500
999 _c56467
_d56467
001 23580
003 GE_BSU
005 20191007103729.0
008 181216s2018||||ge |||||||||||||| ||geo||
020 _a9789941254314
040 _cGE_BSU
041 _ageo
080 _a82-0 გ-22
100 _aგაფრინდაშვილი, ნ.
_94549
245 _aიმაგოლოგია კულტურათა დიალოგის თავისებურებანი :
_bპოსტკოლონიური ქართული ლიტერატურის მაგალითზე /
_cნ. გაფრინდაშვილი ; მ . მირესაშვილი ; ნ . წერეთელი ; რედ : თ. კობახიძე.
264 _aთბილისი :
_bმერიდიანი,
_c2018.
300 _a307 გვ .:
_c21 სმ.
504 _aბიბლ. ტექსტ. ბოლოს
653 _aიმაგოლოგია კულტურათა დიალოგის თავისებურებანი
653 _aლიტმცოდნეობა
653 _aპოსტკოლონიური ქართული ლიტერატურის მაგალითზე
700 _aმირესაშვილი, მ
_94550
700 _aწერეთელი, ნ
_94551
700 _aკობახიძე, თ
_eრედაქტორი
_94552
942 _cBK
_2udc